| 000 | 00948nam a2200241Ia 4500 | ||
|---|---|---|---|
| 003 | OSt | ||
| 005 | 20220923225316.0 | ||
| 006 | a|||||r|||| 00| 0 | ||
| 007 | ta | ||
| 008 | 220922b |||||||| |||| 00| 0 hin d | ||
| 024 | _a262,821 | ||
| 037 | _cTextual | ||
| 040 |
_aARTS _cARTS _bhin |
||
| 041 |
_2hin _ahin |
||
| 082 | _a9jN08, 152K2 | ||
| 100 | _aपाण्डेय, राजकिशोर, संपा. | ||
| 245 | 0 | _aलक्ष्मीनारायण गुप्त अभिनन्दन ग्रंथ | |
| 246 | _aLakṣhmīnārāyaṇ gupta abhinandan grantha | ||
| 260 |
_aहैदराबाद _b लक्ष्मीनारायण गुप्त षष्टिपूर्ति समारोह समिति _c1968 |
||
| 300 |
_a292पृ. _ccm. |
||
| 942 |
_h9jN08, 152K2 _cTEXL _2CC |
||
| 999 |
_c377464 _d377464 |
||